000 00483nam a2200181Ia 4500
005 20250325064738.0
008 240331s9999 xx 000 0 und d
020 _a0415917999
082 _a302.234
_bCER
_22953
100 _aCerulo, K. A
245 0 _aDeciphering Violence :
_bThe Cognitive Structure of Right and Wrong
260 _aLondon;
_aNew York,
_bRoutledge
_c1998
300 _axii, 189 p.,
650 _aViolence
650 _aCommunity
650 _aThought
942 _cL
999 _c1153
_d1153